Brasil: ¿Quién le teme a Lula? /
Sábháilte in:
| Príomhchruthaitheoir: | |
|---|---|
| Formáid: | Téacs |
| Ábhair: | |
| Clibeanna: |
Cuir clib leis
Níl clibeanna ann, Bí ar an gcéad duine le clib a chur leis an taifead seo!
|
MARC
| LEADER | 00000 a a2200000 04500 | ||
|---|---|---|---|
| 001 | 748 | ||
| 003 | |||
| 040 | |||
| 100 | |a Sader, Emir | ||
| 245 | |a Brasil: |b ¿Quién le teme a Lula? / |c Emir Sader | ||
| 650 | |a ELECCIONES | ||
| 650 | |a NEOLIBERALISMO | ||
| 650 | |a MERCADO FINANCIERO INTERNACIONAL | ||
| 650 | |a BRASIL | ||
| 773 | |g volumen 26, número 356; páginas 5-6, 20 | ||
| 999 | |c 26346 |d 26346 | ||
